| 000 | 00788cam a2200253 a 4500 | ||
|---|---|---|---|
| 001 | 3094249 | ||
| 005 | 20180309090304.0 | ||
| 008 | 931130s1994 miuab b 001 0 eng d | ||
| 010 | _a 98132817 | ||
| 020 | _a0810394510 | ||
| 035 | _a(OCoLC)29404506 | ||
| 040 |
_aTxLT _cTxLT _dWU _dMs-C _dDLC |
||
| 041 | _aeng | ||
| 042 | _alccopycat | ||
| 080 | _a500 DET | ||
| 082 | 0 | 0 |
_a500 DET _221 |
| 100 | _a11 | ||
| 101 | _aBIO | ||
| 245 | 0 | 4 |
_aThe handy science answer book / _ccompiled by the Science and Technology Department of the Carnegie Library of Pittsburgh. |
| 504 | _aIncludes bibliographical references (p. 449-472) and index. | ||
| 906 |
_a7 _bcbc _ccopycat _d2 _encip _f19 _gy-gencatlg |
||
| 942 |
_2ddc _cBK |
||
| 999 |
_c44624 _d44624 |
||